000 00638nam a22002057a 4500
003 BUBTL
008 221115b ||||| |||| 00| 0 eng d
020 _a9847002100076
082 _a823.912/ F774p/ 2010
100 _94881
_aForster, E.M.
245 _aA Passage to India/
_cE.M. Forster
250 _a1st Edn.
260 _aDhaka:
_bAlbatross Publications
_cc2010
300 _alvi, 368 p.:
_c 20cm
440 _aA Passage to India
_94882
505 _aA Passage to India, E.M. Forster, albatross Classics, English, India
856 _k0
_l0
_yDownload
942 _2ddc
_cBK
999 _c6783
_d6783